000
00248nam a2200109Ia 4500
008
190216s9999||||xx |||||||||||||| ||und||
100
_a
John Steinbeck
245
4
_a
The Grapes Of Worth
260
_b
Penguin Books
650
_a
English
942
_c
BK
999
_c
12245
_d
12245